| 000 | 00886nam a2200193 i 4500 | ||
|---|---|---|---|
| 001 | 159036 | ||
| 003 | ES-MaACL | ||
| 005 | 20230906211425.0 | ||
| 008 | 990216s1879 sp |||| | spa d | ||
| 040 |
_aCCPB | B _bspa _cCCPB | B |
||
| 100 | 1 |
_aMartínez y Molina, Rafael. _978484 |
|
| 245 | 1 | 0 |
_aMemoria de las aguas minero-medicinales cloruradas, sódicas, sulfatadas, ferruginosas, conocidas vulgarmente con el nombre de "aguas de la Muera de Orduña" / _cpor Rafael Martínez y Molina y Manuel Sáenz Díez. |
| 260 |
_aMadrid : _b[s.n.], _c1879 ( _fImprenta de la viuda é hijo de D. E. Aguado) |
||
| 300 |
_a67 p. ; _c21 cm. |
||
| 610 | 2 | 4 |
_aBalneario de Arbieto. _9152985 |
| 650 |
_aAguas minerales- _zPaís Vasco. _9172296 |
||
| 700 | 1 |
_aSáenz Díez, Manuel. _9101327 |
|
| 852 |
_aES-MaACL _jT-470-F-13 _z-- Enc. hol. _q-- Falto de la cub. original _z-- Enc. en un vol. facticio |
||
| 999 |
_c159036 _d159036 |
||